[Event "SRB-chT 2nd League East play out"]
[Site "Knic"]
[Date "2019.10.06"]
[Round "1.7"]
[White "Nikolic, Dejan"]
[Black "Randjelovic, Nenad"]
[Result "0-1"]
[WhiteElo "1868"]
[BlackElo "1819"]
[PlyCount "102"]
[EventDate "2019.10.06"]
[EventType "team-match"]
[EventRounds "1"]
[EventCountry "SRB"]
[SourceTitle "CBM 195 Extra"]
[Source "ChessBase"]
[SourceDate "2020.05.31"]
[SourceVersion "1"]
[SourceVersionDate "2020.05.31"]
[SourceQuality "1"]
[WhiteTeam "Pozarevac"]
[BlackTeam "Aleksinac"]
[WhiteTeamCountry "SRB"]
[BlackTeamCountry "SRB"]

1. d4 Nf6 2. c4 g6 3. Nc3 Bg7 4. e4 d6 5. Bd3 0-0 6. Nf3 e5 7. d5 a5 8. 0-0 Na6 9. Bg5 h6 10. Bd2 Bd7 11. Rc1 Nc5 12. Bc2 Nh5 13. Be3 b6 14. a3 Qe8 15. b4 axb4 16. axb4 Nb7 17. Ra1 Rxa1 18. Qxa1 f5 19. Qa3 f4 20. Bd2 g5 21. Bd1 Nf6 22. Ba4 Bxa4 23. Nxa4 Nxe4 24. c5 bxc5 25. bxc5 Nbxc5 26. Nxc5 Nxc5 27. Qa7 Qb8 28. Qa2 e4 29. Rb1 Qa8 30. Qxa8 Rxa8 31. Ne1 Kf8 32. Kf1 Ke7 33. Ke2 Na4 34. Rb4 Nc5 35. h4 Nd7 36. Rxe4+ Be5 37. hxg5 hxg5 38. Rc4 Nc5 39. Nf3 Kf6 40. g3 Ra4 41. Nxe5 Kxe5 42. gxf4+ gxf4 43. Bxf4+ Kxd5 44. Rxa4 Nxa4 45. Bd2 c5 46. Kd3 c4+ 47. Kc2 Ke4 48. f4 d5 49. Bc1 Nc5 50. Kc3 Ne6 51. Kb4 Nxf4 0-1

[Event "Nis op"]
[Site "Nis"]
[Date "2019.06.26"]
[Round "2"]
[White "Djukic, Zeljko"]
[Black "Randjelovic, Nenad"]
[Result "1/2-1/2"]
[WhiteElo "2298"]
[BlackElo "1764"]
[PlyCount "64"]
[EventDate "2019.06.25"]
[EventType "swiss"]
[EventRounds "9"]
[EventCountry "SRB"]
[SourceTitle "EXT 2020"]
[Source "ChessBase"]
[SourceDate "2019.10.17"]
[SourceVersion "1"]
[SourceVersionDate "2019.10.17"]
[SourceQuality "1"]

1. d4 Nf6 2. c4 d6 3. Nc3 g6 4. e4 Bg7 5. f3 0-0 6. Be3 e5 7. dxe5 dxe5 8. Qxd8 Rxd8 9. Nd5 Na6 10. Rc1 b6 11. Rd1 Rd6 12. Ne7+ Kf8 13. Rxd6 cxd6 14. Nxc8 Rxc8 15. Kd2 Nc5 16. Ne2 h5 17. g3 a5 18. h4 Ke7 19. Nc3 Ncd7 20. Nd5+ Nxd5 21. cxd5 Nc5 22. Bh3 Rh8 23. Kc3 Bh6 24. Bxh6 Rxh6 25. Kc4 Rh8 26. Kb5 Rb8 27. Rc1 a4 28. Rc3 Ra8 29. Ra3 f6 30. Rc3 Ra7 31. Rc4 Ra8 32. Rc1 Ra7 1/2-1/2